[Event "Maastricht Limburg op-C 6th"]
[Site "Maastricht"]
[Date "2012.05.25"]
[Round "1"]
[White "Helsen, Roger"]
[Black "Calje, Adrey"]
[Result "1/2-1/2"]
[WhiteElo "1556"]
[BlackElo "1032"]
[PlyCount "70"]
[EventDate "2012.05.25"]
[EventType "swiss"]
[EventRounds "7"]
[EventCountry "NED"]
[SourceTitle "EXT 2013"]
[Source "ChessBase"]
[SourceDate "2012.11.22"]
[SourceVersion "1"]
[SourceVersionDate "2012.11.22"]
[SourceQuality "1"]

1. d4 d5 2. Nf3 Nc6 3. Bf4 Nf6 4. e3 e6 5. Bd3 Bd6 6. Bg5 Bd7 7. 0-0 h6 8. Bh4 Qe7 9. c4 g5 10. Bg3 0-0-0 11. Ne5 h5 12. c5 h4 13. Nxc6 Bxc6 14. Bxd6 cxd6 15. cxd6 Qxd6 16. Qe2 Bd7 17. Qc2+ Kb8 18. Qc5 Qc6 19. Nd2 e5 20. Qxc6 Bxc6 21. dxe5 Nd7 22. Nf3 g4 23. Nd4 Nxe5 24. Nxc6+ Nxc6 25. Bf5 g3 26. fxg3 hxg3 27. h3 Ne7 28. Bg4 Rdf8 29. Rf3 f5 30. Raf1 a6 31. Bxf5 Nxf5 32. Rxf5 Rxf5 33. Rxf5 Rc8 34. Rf1 Rc2 35. Rf3 Rc1+ 1/2-1/2